| 000 | 00600nam a2200241Ia 4500 | ||
|---|---|---|---|
| 008 | 171120s9999 xx 000 0 und d | ||
| 020 | _a9710864181 | ||
| 050 | _a342.06 | ||
| 050 | _bA659 2004 | ||
| 100 | _aAralar, Reynaldo | ||
| 245 | _aSeparation of powers and impeachment / | ||
| 245 | _cby Reynaldo Aralar. | ||
| 260 | _aPhilippines : | ||
| 260 | _bNational Book Store, | ||
| 260 | _c2004 | ||
| 300 | _a209 pages : | ||
| 300 | _billustrations ; | ||
| 300 | _c22cm. | ||
| 650 | _aAdministrative law. | ||
| 650 | _aImpeachments -- | ||
| 650 | _xPhilippines. | ||
| 700 | _aTitle. | ||
| 999 |
_c345252 _d345252 |
||